| 000 | 00756nam a22001697a 4500 | ||
|---|---|---|---|
| 003 | NUST | ||
| 040 | _a0 | ||
| 082 | _a621.382,BUK | ||
| 245 |
_aAir Pollution Monitoring System / _cMalik Saad Raees, Syed Tauqeer Ul Hassan, Saleh Shah and Hammad Qazi. (TCC-31 / BETE-56) |
||
| 264 |
_aRawalpindi _bMCS (NUST) _c2023 |
||
| 300 | _a67 p.; | ||
| 505 | _aIntroduction (Page-1), Literature Review (Page-17), Causes And Effects Of Gases (Page-26), Achieved Goals (Page-42), Components (Page-47), Wi‐Fi Adapter (Page-53), Future Research And Potential Uses (Page-55), References And Work Cited (Page-65). | ||
| 650 |
_aUG EE Project _9118090 |
||
| 690 |
_aTCC-31 / BETE-56 _9118237 |
||
| 700 |
_aSupervised by Dr. Fahim Arif _9132700 |
||
| 942 |
_2ddc _cPR |
||
| 999 |
_c603372 _d603372 |
||